00394nam a22001217a 450000500170000002000250001708200060004224500360004826000390008427000840012330000370020749000280024420120118124854.0 a9788179638392c48.00 aS aSnow white and the seven dwarfs aMumbai :bShree Book Centre,c200? a8, Kakad Industrial Estate, S Keer Road, Matunga WestbMumbaie400016k24377516 aUnpagingbill (col)c28 cm (Pbk) aLarge print easy reader